000 00858nam a2200253Ia 4500
003 OSt
005 20220923231004.0
006 a|||||r|||| 00| 0
007 ta
008 220922b |||||||| |||| 00| 0 pan d
020 _c200
024 _a349,352
037 _b1039, 02/02/2019, H.K. Prakashan
_cTextual
040 _aARTS
_cARTS
_bpan
041 _2pan
_apan
082 _aQ8441:33, 153Q8
100 _aਸਿੰਘ, ਗੁਰਬਚਨ, ਂਚ.
245 0 _aਗੁਰੂ ਨਾਨਕ ਦਾ ਧਰਮ
260 _aਅੰਮ੍ਰਿਤਸਰ
_b ਪੰਥ ॥ਾਲਸਾ ਪ੍ਰਕਾFਨ
_c2018
300 _a279ਪ੍ਰ0
_ccm.
650 _aਸਿੱਖ ਧਰਮ
_9156314
942 _hQ8441:33, 153Q8
_cTEXL
_2CC
999 _c388635
_d388635